000
00208 a2200097 4500
001
6994
100
_a
Towers, T.D
245
_a
Transistor television receivers
260
_a
_b
Iliffe
_c
090
_c
5777
_d
5777
942
_a
NUST-CAE
_c
M
_c
32241
999
_c
242067
_d
242067